000 01968aam a22003251a 4500
001 99936595002419
003 CBULib
005 20240821125704.0
008 240821b |||||||| |||| 00| 0 eng d
010 _a0723434751
010 _a9780723434757
010 _a9780723437123
010 _a0723437122
035 _a(WlAbNL)(Uk)ark:/81055/vdc_100052492460.0x000001
035 _a(WlAbNL)(Uk)018653772
040 _cCBULib
100 _a20080611d2008 uy 0
210 _aEdinburgh
245 _asurgery
_b: crash course
300 _aRevised edition of: Surgery / Helen Sweetland, Kevin Conway. 2nd ed. 2004.
300 _aIncludes index.
300 _aFormerly CIP.
300 _aI. The Patient Presents With Acute Abdominal Pain Dyspepsia Vomiting, Haematemesis and Melaena Change in Bowel Habit Abdominal Mass and Distension Rectal Bleeding Anorectal Pain Jaundice Dysphagia Breast Lump Neck Lump Ischaemic Limb Leg Ulcer Groin Swelling Scrotal Swelling Haematuria Urinary Difficulty Skin Lesion Anaemia Abdominal Pain in Children II. Diseases and Disorders Oesophageal Disorders Gastric and Duodenal Disorders Disorders of the Small Intestine Colonic Disorders Anorectal Disorders Hepatobiliary Disorders Gynaecological Disorders Abdominal Hernias Thyroid and Parathyroid Disorders Neck Swellings Breast Disorders Vascular Disorders Urological Disorders Skin Lesions Soft Tissue Disorders Trauma Postoperative Care and Complications Principles of Cancer Management III. History, Examination and Common Investigations Clerking a Surgical Patient Examination of a Surgical Patient Writing up a Surgical Clerking Investigation of a Surgical Patient Introduction to the operating theatre IV. Self-assessment MCQs, EMQs, SAQs Index.
410 0 _aCrash course
517 3 _aCrash Course
700 _aKontoyannis
_b Angeliki
942 _2lcc
_c002
_n0
981 _aLD-Ebook
999 _c85208
_d85208